La filosofía actual : pensar sin certezas /

Guardado en:
Autor Principal: Scavino, Dardo
Formato: Libro
Publicado: Buenos Aires : Paidós, 1999
Series:Postales; No. 3
Materias:
Etiquetas: Agregar Etiqueta
Sin Etiquetas, Sea el primero en etiquetar este registro!
LEADER 00647nam a22001935a 4500
001 CEM.cems010392
005 20080516133327.0
008 130507s1999##################000#0#####d
003 CEMS
020 |a 9501290034 
082 0 4 |a 100 
100 1 |a Scavino, Dardo 
245 1 0 |a La filosofía actual :  |b pensar sin certezas /  |c Dardo Scavino 
260 |a Buenos Aires :  |b Paidós,  |c 1999 
300 |a 243 p. 
490 0 |a Postales; No. 3 
505 0 |a El giro linguístico -- Los juegos del lenguaje -- El giro en cuestión -- El giro democrático -- El retorno de la moral 
653 |a Filosofía 
859 |a CEMS  |b BIB. CEMS - 11 de abril  |h 100  |i Sc92  |p 20841.00  |t Ej.1